00317nam a2200133Ia 4500008004100000020001500041041001200056082001600068100001400084245003800098260002500136300000800161650001400169221030s9999 xx 000 0 und d a8120301765 aEnglish a105.23bMar aJ. Martin 0aPrinciples of Database Management bPHIaNew Delhic2002 a352 aComputers